The Shepherd (Blake's Songs of Innocence) Quiz Stats

 Plays Quiz not verified by Sporcle

Challenge
Share
Tweet
Embed
Score 0/61 Timer 03:00
0 Plays Today
% Correct
How
100%
sweet
100%
is
100%
the
100%
shepherd's
95.2%
sweet
95.2%
lot!
95.2%
From
95.2%
the
95.2%
morn
95.2%
to
95.2%
the
95.2%
evening
95.2%
he
95.2%
strays;
95.2%
He
95.2%
shall
95.2%
follow
95.2%
his
95.2%
sheep
95.2%
all
95.2%
the
95.2%
day,
95.2%
And
95.2%
his
95.2%
tongue
95.2%
shall
95.2%
be
95.2%
fillèd
95.2%
with
95.2%
praise.
95.2%
% Correct
He
95.2%
is
95.2%
watchful,
95.2%
while
95.2%
For
90.5%
he
90.5%
hears
90.5%
the
90.5%
lamb's
90.5%
innocent
90.5%
call,
90.5%
he
90.5%
And
90.5%
hears
90.5%
the
90.5%
ewe's
90.5%
tender
90.5%
reply.
90.5%
they
90.5%
are
90.5%
at
90.5%
peace,
90.5%
For
90.5%
they
90.5%
know
90.5%
when
90.5%
their
90.5%
shepherd
90.5%
is
90.5%
nigh.
90.5%

You're not logged in!

Compare scores with friends on all Sporcle quizzes.
OR
Log In

You Might Also Like...

Show Comments

Extras

Created Feb 5, 2014ReportNominate
Tags:blake

Top Quizzes Today


Score Distribution

Your Account Isn't Verified!

In order to create a playlist on Sporcle, you need to verify the email address you used during registration. Go to your Sporcle Settings to finish the process.

Report this User

Report this user for behavior that violates our Community Guidelines.

Details: